Sports Quiz

Random Sports Quiz

Do You Know Baron Corbin? Quiz Stats

 Plays Quiz not verified by Sporcle

Support Sporcle.
Go Orange.
Score 0/52 Timer 15:00
0 Plays Today
Question Answer Wrong Answers
Who was Baron Corbin trained by? WWE Performance Center
93.3%
Scotty 2 Hotty
6.7%
Danny Daniels
0%
Michael Hickenbottom
0%
Where is Baron Corbin billed from? Kansas City
86.7%
Wichita
6.7%
Lenexa
6.7%
Tampa
0%
What is Baron Corbin's real name? Thomas Pestock
80%
Timothy Pestock
13.3%
Baron Pestock
6.7%
Thomas Corbin
0%
Which Money in the Bank Ladder Match did Baron Corbin win? 2017
80%
2018
6.7%
2016
6.7%
He never won the Money in the Bank contract.
0%
What year did Baron Corbin win the André the Giant Memorial battle royal? 2016
80%
2017
13.3%
2018
0%
2015
0%
Who did Baron Corbin cash in the Money in the Bank briefcase on? Jinder Mahal
73.3%
Brock Lesnar
6.7%
John Cena
13.3%
Roman Reigns
0%
What event did Baron Corbin win the United States Championship? Hell In a Cell
73.3%
Elimination Chamber
6.7%
RAW
6.7%
WrestleMania
6.7%
What team was Baron Corbin moved to after the Superstar Shakeup? Monday Night RAW
66.7%
He stayed on SmackDown.
20%
He got moved back down to NXT.
0%
He became a free agent.
6.7%
Where did Baron Corbin make his main roster debut? WrestleMania 32
66.7%
SummerSlam 2016
6.7%
Hell in a Cell
0%
RAW
20%
What brand is Baron Corbin signed to? SmackDown LIVE
66.7%
RAW
20%
NXT
13.3%
Free Agent
0%
Who did Baron Corbin team up with in the Dusty Rhodes Tag Team Classic tournament in 2015? Rhyno
60%
Finn Balor
6.7%
Samoa Joe
20%
Apollo Crews
6.7%
When was Baron Corbin again released by the Colts? September 5, 2009
60%
April 27, 2009
20%
August 19, 2009
0%
August 13, 2009
6.7%
Who did he defeat to win the United States Championship? Tye Dillinger and AJ Styles
60%
Tye Dillinger
6.7%
AJ Styles
26.7%
John Cena
0%
What brand was Corbin drafted to at the 2016 WWE draft? SmackDown
60%
RAW
26.7%
He wasn't drafted.
6.7%
He was still in NXT.
0%
When was he re-signed by the Colts? August 19, 2009
53.3%
August 13, 2009
20%
April 27, 2009
6.7%
April 27, 2008
13.3%
Where was Baron Corbin born? Lenexa, Kansas
53.3%
Wichita, Kansas
26.7%
Overland Park, Kansas
6.7%
Hutchinson, Kansas
13.3%
What National Championship Tournament did Baron Corbin and his team go to 4 consecutive times? Division II National Championships
46.7%
Division I National Championships
26.7%
Division III National Championships
6.7%
Division IV National Championships
13.3%
When was Baron Corbin released by the Colts? August 13, 2009
46.7%
April 27, 2009
13.3%
August 13, 2008
20%
April 27, 2007
13.3%
What position was Baron Corbin when he was in the NFL? Offensive guard
46.7%
Defensive end
20%
Wide receiver
20%
Defensive back
6.7%
Where does Baron Corbin live? Tampa, Florida
46.7%
Orlando, Florida
33.3%
St. Augustine, Florida
13.3%
Tallahassee, Florida
6.7%
Who does Baron Corbin NOT credit for helping him develop his wrestling character and personality? Michael Cole
46.7%
Corey Graves
26.7%
Kane
6.7%
Dusty Rhodes
13.3%
What NCAA Division did Baron Corbin join? NCAA Division II
46.7%
NCAA Division III
33.3%
NCAA Division I
0%
NCAA Division IV
13.3%
When did Baron Corbin sign a futures contract with the Arizona Cardinals? January 18, 2010
46.7%
January 4, 2011
13.3%
September 3, 2010
6.7%
September 2, 2011
20%
Who did Baron Corbin lose the United States Championship to? Dolph Ziggler
46.7%
Bobby Roode
26.7%
Randy Orton
13.3%
Sin Cara
6.7%
When was Baron Corbin named first team all-MIAA? 2008
46.7%
2009
13.3%
2007
20%
2005
13.3%
What number did Baron Corbin enter the 2018 Royal Rumble? 4
40%
29
13.3%
27
20%
17
13.3%
When was Baron Corbin born? September 13, 1984
40%
October 18, 1984
26.7%
April 27, 1984
13.3%
January 18, 1984
20%
How did Baron Corbin's father die? Creutzfeldt-Jakob disease
40%
Encephalopathy
6.7%
Neurodegeneration
20%
Amyotrophic lateral sclerosis
26.7%
Where is Baron Corbin's alma mater? Northwest Missouri State University
40%
Northwest Technical School
0%
St. Louis Community College
26.7%
Kansas City Art Institute
33.3%
How much does Baron Corbin weigh? 285 lb
33.3%
280 lb
13.3%
275 lb
46.7%
290 lb
6.7%
Which of the following people does Baron Corbin NOT have a tattoo of? his mom
33.3%
his grandfather
20%
his father
0%
Ryan Dunn
40%
What year was Baron Corbin with the Indianapolis Colts? 2009
26.7%
2011
13.3%
2010
26.7%
2008
26.7%
What number did Baron Corbin enter the 2017 Royal Rumble? 13
26.7%
14
6.7%
15
6.7%
12
46.7%
What years was Baron Corbin with the Arizona Cardinals? 2010-2011
26.7%
2011-2012
26.7%
2009-2010
26.7%
2008-2009
6.7%
When did Baron Corbin sign a second futures contract with the Cardinals? January 4, 2011
26.7%
September 6, 2010
6.7%
January 17, 2011
20%
January 14, 2011
40%
When was Baron Corbin again released by the Cardinals? September 2, 2011
26.7%
September 2, 2010
6.7%
September 2, 2009
33.3%
September 2, 2012
20%
By 2007, how many Golden Gloves regional championships in amateur boxing had Baron Corbin won? 2
26.7%
3
46.7%
1
6.7%
0
13.3%
How old is Baron Corbin? 35
26.7%
34
33.3%
33
13.3%
32
26.7%
What video game did Baron Corbin make his debut in? WWE 2K16
26.7%
WWE 2K15
0%
WWE 2K17
60%
WWE 2K18
6.7%
When was Baron Corbin named honorable mention all-MIAA? 2007
26.7%
2008
33.3%
2005
13.3%
2004
20%
When was Baron Corbin released by the Cardinals? September 3, 2010
26.7%
January 18, 2010
6.7%
September 6, 2010
26.7%
September 2, 2011
26.7%
How tall is Baron Corbin? 6'7'
26.7%
6'5'
6.7%
6'6'
20%
6'8'
46.7%
When did Baron Corbin make his televised debut? May 8, 2013
26.7%
October 18, 2012
33.3%
August 7, 2012
13.3%
May 29, 2012
13.3%
When was Baron Corbin signed to the Cardinals' practice squad? September 6, 2010
20%
September 3, 2010
13.3%
January 18, 2010
26.7%
January 4, 2011
26.7%
What year was Baron Corbin credited the Most Metal Athlete? 2016
20%
2015
26.7%
2017
46.7%
2014
0%
When was Baron Corbin's debut in wrestling? October 18, 2012
20%
September 13, 2012
40%
April 27, 2012
13.3%
August 19, 2012
26.7%
Who did Baron Corbin defeat in his last NXT appearance? Tucker Knight
13.3%
Otis Dozovic
6.7%
Austin Aries
46.7%
Sami Zayn
26.7%
When did Baron Corbin sign with NXT? August 2012
13.3%
May 2013
40%
September 2012
13.3%
October 2012
20%
Who did he lose against in his in-ring debut? Dante Dash
13.3%
CJ Parker
26.7%
Damien Sandow
33.3%
Mason Ryan
13.3%
When did Baron Corbin make his in-ring debut? October 18, 2012
13.3%
October 19, 2012
20%
September 22, 2013
46.7%
September 24, 2013
6.7%
What year was Baron Corbin on team SmackDown for the Survivor Series 5-on-5 match? 2016
13.3%
2015
6.7%
2017
33.3%
He never was on team SmackDown for Survivor Series.
40%
What number was Baron Corbin ranked in the PWI 500 in 2017? 49
0%
299
13.3%
35
33.3%
22
46.7%

You're not logged in!

Compare scores with friends on all Sporcle quizzes.
OR
Log In

From the Vault

US Presidents in Reverse

by blue

If you think you know the US Presidents forwards and backwards, well now is the time to prove it.
Remove Ads.
Support Sporcle.
Get the best of Sporcle when you Go Orange. This ad-free experience offers more features, more stats, and more fun while also helping to support Sporcle. Thank you for becoming a member.

Show Comments

Extras

Created Dec 11, 2018ReportNominate
Tags:baron

Top Quizzes Today


Score Distribution

Your Account Isn't Verified!

In order to create a playlist on Sporcle, you need to verify the email address you used during registration. Go to your Sporcle Settings to finish the process.

Report this User

Report this user for behavior that violates our Community Guidelines.

Details: